| 000 | 01009nam a2200277 i 4500 | ||
|---|---|---|---|
| 001 | 7264 | ||
| 003 | ES-MaACL | ||
| 005 | 20250627074754.0 | ||
| 007 | t| | ||
| 008 | 901114s1989 sp |||| |dspa d | ||
| 020 | _a84-87095-12-7 | ||
| 080 | _a929(460)"18/19" | ||
| 100 | 1 |
_aOrs, Eugenio d', _d1881-1954 _987358 |
|
| 245 | 1 | 0 |
_aEspañoles de mi tiempo _b: mi "salón se [i.e. de] los 111" / _cEugenio d'Ors ; seleccion de textos, Juan Pablo d'Ors Pérez y Carlos d'Ors Fuhrer. |
| 260 |
_aMadrid : _bLibertarias/Prodhufi, _c1989. |
||
| 300 |
_a179 p. : _bil. ; _c20 cm. |
||
| 490 | 1 |
_aTres de cuatro soles. Serie naranja ; _v3 |
|
| 650 | 1 | 4 |
_aEspañoles- _yS.XIX- _xBiografías. _912478 |
| 650 | 0 | 4 |
_aEspañoles- _yS.XX- _xBiografías. _912480 |
| 700 | 1 |
_aOrs Pérez, Juan Pablo d'. _987371 |
|
| 700 | 1 |
_aOrs Führer, Carlos d'. _987369 |
|
| 830 | 0 |
_aTres de cuatro soles. Serie naranja ; _v3 _9227873 |
|
| 852 |
_aES-MaACL _jL-14565 _z- Enc. cart. |
||
| 942 | _2udc | ||
| 999 |
_c7264 _d7264 |
||